000 00748nam a22002057a 4500
005 20140310111518.0
010 _aB-520760-790
020 _a9788190751513
_c195.00
035 _aB-520760-790
037 _bBBB/Ven
_adpl
082 _aS
100 _aWhitehead, Dan
245 _aJason and the Argonauts /
_cby Dan Whitehead ;illustrated by Sankha Banerjee
260 _aNew Delhi
_bCampfire Publisher
_ban imprint of Kalyani Navyug Media
_c2011
270 _a101C, Shiv House, Hari Nagar Ashram
_bNew Delhi
_e110014
300 _a98p.:
_bcol.ill.
_c22cm.(pbk)
700 _aillustrated by Banerjee, Sankha
942 _2ddc
_cCH
_kWHI
_hS
_mWHI
999 _c79379
_d79379